Soil mechanics: laboratory manual
Gespeichert in:
| 1. Verfasser: | |
|---|---|
| Format: | Buch |
| Sprache: | Englisch |
| Veröffentlicht: |
Oxford University Press
2013
|
| Tags: |
Tag hinzufügen
Keine Tags, Fügen Sie den ersten Tag hinzu!
|
MARC
| LEADER | 00000nam a22000007a 4500 | ||
|---|---|---|---|
| 008 | 201221b ||||| |||| 00| 0 eng d | ||
| 020 | |a 978-0-19-984637-5 | ||
| 100 | |a DAS, Braja M. | ||
| 245 | |a Soil mechanics: laboratory manual |c Braja M. Das |g vi, 333p.; ill. | ||
| 250 | |b 8th ed. | ||
| 260 | |b Oxford University Press |c 2013 |h New York |i 690098 |l TA710.5 .D26 |m Soil mechanics – Laboratory manuals | ||
| 500 | |a It includes references | ||
| 942 | |a lcc |c BK |e Kuteyi, M. A. |f 21/12/2020 | ||
| 952 | |0 0 |1 0 |2 lcc |4 0 |6 TA07105 D26 |7 0 |9 984 |a HOL |b HOL |c QZ |d 2020-12-21 |l 0 |o TA710.5 .D26 |p 2020-230209 |r 2020-12-21 00:00:00 |w 2020-12-21 |y BK | ||
| 999 | |c 506 |d 506 | ||